Every Premier League Stadium - Statistics

General Stats
  • This quiz has been taken 109 times
  • The average score is 10 of 20
Answer Stats
Club Stadium % Correct
Arsenal Emirates Stadium
88%
Aston Villa Villa Park
88%
Manchester United Old Trafford
80%
Liverpool Anfield
78%
Chelsea Stamford Bridge
72%
Manchester City Etihad Stadium
66%
Newcastle United St. James’ Park
61%
Sunderland Stadium Of Light
58%
West Ham United London Stadium
55%
Fulham Craven Cottage
53%
Tottenham Hotspur Tottenham Hotspur Stadium
53%
Leeds United Elland Road
47%
Nottingham Forest City Ground
38%
Burnley Turf Moor
38%
Wolverhampton Molineux Stadium
36%
Crystal Palace Selhurst Park
36%
Brentford Brentford Community Stadium
22%
Bournemouth Dean Court
17%
Brighton Falmer Stadium
6%
Everton Everton Stadium
5%
No matching quizzes found
Score Distribution
Percent of People with Each Score
Percentile by Number Answered
Your Score History
You have not taken this quiz